| 000 | 01102 a2200193 4500 | ||
|---|---|---|---|
| 003 | Nust | ||
| 005 | 20230209151048.0 | ||
| 010 | _a 93930703 | ||
| 020 | _a9693502949 : | ||
| 040 | _cNust | ||
| 082 | 0 | 0 | _a958,DAY |
| 100 | 1 |
_aDani, Ahmad Hasan. _93723 |
|
| 245 | 1 | 0 |
_aNew light on Central Asia / _cAhmad Hasan Dani. |
| 260 |
_aLahore, Pakistan : _bSang-e-Meel Publications, _c1993. |
||
| 300 |
_a208 p. : _bcol. ill. ; _c22 cm. |
||
| 505 | _aCentral Asia and Pakistan Through the Ages (Page-9), Cultural Links Between Central Asia and Pakistan (Page-29), Emergence of Independent State in Central Asia (Page-47), Central Asia : Emergence of Modern States (Page-57), Resurgence of Central Asia (Page-83), Communication Between Pakistan and Central Asian Republics –A Historical Perspective (Page-99), Independence Day of the Central Asian State (Page-107), Tajikistan Today (Page-117), Future of Democracy in Central Asia (Page-125), Central Asian and ECO (Page-137), Pilgrimage to Bokhara (Page-149), Bazm-i-Dushanbe (Page-175). | ||
| 651 | 0 |
_aAsia, Central _xHistory. _9108816 |
|
| 942 |
_2ddc _cBK |
||
| 999 |
_c187113 _d187113 |
||